| 000 | 01394nam a2200457 i 4500 | ||
|---|---|---|---|
| 001 | 10490 | ||
| 003 | KOSZ 005 | ||
| 005 | 20220427123519.0 | ||
| 008 | 071021s1969 pl a |000 0 pol | ||
| 015 | _aUWD 1969/9374 | ||
| 035 | _a991037557589705066 | ||
| 035 | _a(PL-WaBN)b20070317-48omnis_nlop | ||
| 035 | _ab20070317 | ||
| 035 | _a(OCoLC)839016948 | ||
| 035 | _a(PL)b0000002007031 | ||
| 035 | _a(EXLNZ-48OMNIS_NETWORK)9910418512805606 | ||
| 040 |
_aWA N _cWA N _dKOSZ 005/HR |
||
| 046 | _k1967 | ||
| 080 | _a674 | ||
| 080 | _a658.2 | ||
| 080 | _a331.4 | ||
| 100 | 1 |
_aWroński, Jerzy _c(bezpieczeństwo i higiena pracy) _eAutor |
|
| 245 | 1 | 0 |
_aSkładowanie drewna / _cJerzy Wroński. |
| 250 | _aWyd. 2. | ||
| 260 |
_aWarszawa : _bWydawnictwo Związkowe CRZZ, _c1969. |
||
| 300 |
_a35, [1] s. : _bil. ; _c18 cm. |
||
| 336 |
_aTekst _btxt _2rdacontent |
||
| 337 |
_aBez urządzenia pośredniczącego _bn _2rdamedia |
||
| 338 |
_aWolumin _bnc _2rdacarrier |
||
| 380 | _aKsiążki | ||
| 388 | _a1901-2000 | ||
| 388 | _a1945-1989 | ||
| 490 | 1 | _aBHP : szkolenie, popularyzacja | |
| 650 | 7 | _aSkładnice drewna | |
| 650 | 7 | _aBHP | |
| 658 | _aRolnictwo i leśnictwo | ||
| 830 | 0 | _aBHP | |
| 856 |
_uhttp://koha.tu.koszalin.pl/cgi-bin/koha/opac-detail.pl?biblionumber=10490 _yKatalog online BPK |
||
| 942 |
_2UKD _cKS |
||
| 999 |
_c10490 _d10490 |
||